| 000 | 00844nam a2200217Ii 4500 | ||
|---|---|---|---|
| 003 | JO-AjNU | ||
| 008 | 230605s9999||||xx |||||||||||||| ||und|| | ||
| 017 | _a2009/11723 | ||
| 020 | _a97-8-977-04-6116-6 | ||
| 040 |
_aJO-AjNU _bara _erda _cJO-AjNU |
||
| 041 | _aara | ||
| 050 | 1 | 4 | _aK3405.K43.2009 |
| 100 | 3 |
_a خاطر ، شريف يوسف , _eauthor _932273 |
|
| 245 | 0 | 0 | _aالتحكيم في منازعات العقود الإدارية وضوابطة : دراسة مقارنة في ضوء أحداث آراء الفقه وأحكام القضاء وموقف التشريع الفرنسي والمصري |
| 250 | _a(د،ط) | ||
| 264 | 3 | 1 | _aالقاهرة : دار النهضة العربية ، 2009 |
| 300 | _a228ص | ||
| 336 |
_atext _btxt _2rdacontent |
||
| 337 |
_aunmediated _bn _2rdamedia |
||
| 338 |
_avolume _bnc _2rdacarrier |
||
| 999 |
_aA13008 _c16576 _d16576 |
||